000 00862nam a2200229 i 4500
001 41657
003 ES-MaACL
005 20250709152310.0
007 t|
008 030311s1933 sp ||||1| spa d
080 _a821.134.2-31"19"
100 1 _aCasanova, Sofía,
_d1862-1958
_936108
245 1 4 _aLas catacumbas de Rusia roja :
_bnovela /
_cpor Sofía Casanova.
260 _aMadrid :
_bEspasa-Calpe,
_c1933.
300 _a221 p. ;
_c20 cm.
505 8 _aContiene: Primera parte: Espías ; Segunda parte: Prisiones de Rusia ; Tercera parte: La urbe roja
530 _aDisponible en formato digital.
852 4 _aES-MaACL
_jB-8685
_cSPB
_zRevisado enlace: 9 de julio de 2025
856 4 _uhttp://biblioteca.galiciana.gal/es/consulta/registro.do?id=450012
_yGaliciana: Biblioteca Dixital de Galicia
942 _2udc
999 _c41657
_d41657